Statystyki dla Liga Mistrzów 2020/2021

Kliknij tutaj aby rozwiązać quiz!

Ogólne statystyki

  • Ten quiz został rozwiązany 1 099 razy
  • Średni wynik to 17 z 32

Statystyki odpowiedzi

krajklub% Poprawnych
NiemcyBayern
99%
HiszpaniaReal M
96%
HiszpaniaBarcelona
90%
FrancjaPSG
84%
HiszpaniaAtletico
83%
WłochyJuventus
83%
AngliaManchester City
81%
WłochyInter
79%
NiemcyBorussia D
77%
AngliaLiverpool
74%
AngliaManchester United
73%
AngliaChelsea
71%
UkrainaDynamo
62%
PortugaliaPorto
62%
HolandiaAjax
61%
HiszpaniaSevilla
55%
RosjaZenit
52%
NiemcyRB Lipsk
49%
UkrainaSzachtar
49%
WłochyAtalanta
44%
NiemcyBorussia M
42%
WłochyLazio
34%
BelgiaClub Brugge
30%
RosjaLokomotiw
27%
AustriaRedbull Salzburg
27%
WęgryFerencvaros
23%
GrecjaOlympiakos
23%
FrancjaOlympique Marsylia
22%
RosjaKrasnodar
15%
TurcjaBasaksehir
12%
DaniaMidtjylland
7%
FrancjaStade Rennes
7%

Rozkład punktacji

Percentyl według liczby udzielonych odpowiedzi

Procent ludzi z każdym wynikiem

Twoja historia wyników

Nie rozwiązałeś tego quizu